Normal view
MARC view
Entry Personal Name
001 - CONTROL NUMBER
- control field: 6410
003 - CONTROL NUMBER IDENTIFIER
- control field: OSt
005 - DATE AND TIME OF LATEST TRANSACTION
- control field: 20120110151637.0
008 - FIXED-LENGTH DATA ELEMENTS
- fixed length control field: 120110|||a|||||| | ||| d
040 ## - CATALOGING SOURCE
- Original cataloging agency: OSt
- Transcribing agency: OSt
100 ## - HEADING--PERSONAL NAME
- Personal name: Byrne Iain
- Titles and other words associated with a name: Commonwealth human rights law digest.-6CHRLD1-142, Vol.6 ,No.1Autumn2007
670 ## - SOURCE DATA FOUND
- Source citation: Work cat.: (OSt): Byrne Iain Commonwealth Human Rights Law Digest.-6CHRLD1-142,Vol.6,No.1 Aug2002 6408, Commonwealth human rights law digest.-6CHLD1-142,Vol.6,No.1,Autumn2007
